Trabajo infantil ambulante en las capitales de latinoamericanas. Street child work in Latin American capitals /
Guardado en:
| Hovedforfatter: | |
|---|---|
| Andre forfattere: | , , , |
| Format: | Texto |
| Fag: | |
| Tags: |
Tilføj Tag
Ingen Tags, Vær først til at tagge denne postø!
|
MARC
| LEADER | 00000 a a2200000 04500 | ||
|---|---|---|---|
| 001 | 17262 | ||
| 003 | |||
| 040 | |||
| 100 | |a Pinzón - Rondón, Angela | ||
| 245 | |a Trabajo infantil ambulante en las capitales de latinoamericanas. Street child work in Latin American capitals / |c Angela Pinzón - Rondón | ||
| 650 | |a TRABAJO DE MENORES | ||
| 650 | |a NIÑOS DE LA CALLE | ||
| 650 | |a ASPECTOS DEMOGRAFICOS | ||
| 650 | |a AMERICA LATINA | ||
| 650 | |a HORAS DE TRABAJO | ||
| 650 | |a ASPECTOS DEMOGRAFICOS | ||
| 700 | |a Briceño - Araya, Leonando | ||
| 700 | |a Botero, Juan Carlos | ||
| 700 | |a Cabrera, Patricia | ||
| 700 | |a Rodríguez, María Nelcy | ||
| 773 | |g volumen 48, número 5; páginas 363-372 | ||
| 999 | |c 24714 |d 24714 | ||
